000 00704nam a2200265Ia 4500
005 20260302114135.0
008 008 260114s9999 xx 000 0 eng d
020 _a9781978734906
037 _aTextbook
040 _aCRL
040 _beng
040 _cCRL
041 _2eng
041 _aeng
084 _qCRL
100 _aJohann Michel
_91117876
245 4 _aThe Reparable and the Irreparable Being Human in the Age of Vulnerability
260 _bBloomsbury
260 _bLexington Books
260 _c2023
650 _aPhilosophy
856 _uhttps://doi.org/10.5040/9781978734906?locatt=label:secondary_bloomsburyCollections
942 _cEBOOK
999 _c1681486
_d1681486